| 000 | 00932nam a22002417a 4500 | ||
|---|---|---|---|
| 001 | 82304 | ||
| 003 | BD-RjUL | ||
| 005 | 20231116155906.0 | ||
| 008 | 231116s2018 bg a|||| m||| 00| 0 eng d | ||
| 035 | _a(BD-RjUL)82304 | ||
| 040 |
_aBD-RjUL _beng _cBD-RjUL _dBD-RjUL |
||
| 041 | _aeng | ||
| 082 |
_223 _a372.095492 _bRAS 2018 |
||
| 100 |
_aRana, Md. Masud _92308 |
||
| 245 | 1 | 0 |
_aState of moral education at primary level in Bangladesh : _bA challenge towards cohesive approach / _cMd. Masud Rana ; _6Supervisor : M. Mostafa Kamal |
| 260 |
_aRajshahi : _bInstitute of Bangladesh Studies, University of Rajshahi, _c2018 |
||
| 300 |
_axxi, 292 leaves : _bill, ; _c29.cm. |
||
| 502 | _aThesis (Ph. D.) -- Institute of Bangladesh Studies, University of Rajshahi, 2018 | ||
| 504 | _aBibliography : Leaves 181 - 192 | ||
| 650 |
_aPrimary education _zBangladesh _97004 |
||
| 700 |
_aKamal, M. Mostafa, Supervisor _91265 |
||
| 942 |
_2ddc _cTHE |
||
| 999 |
_c82304 _d82304 |
||